English vocabulary in use, (Record no. 2110)
[ view plain ]
| 000 -LEADER | |
|---|---|
| fixed length control field | 01421nam a22003615a 4500 |
| 003 - CONTROL NUMBER IDENTIFIER | |
| control field | EG-ScBUE |
| 005 - DATE AND TIME OF LATEST TRANSACTION | |
| control field | 20220531093558.0 |
| 008 - FIXED-LENGTH DATA ELEMENTS--GENERAL INFORMATION | |
| fixed length control field | 140814r20052001enka f 001 0 eng d |
| 020 ## - INTERNATIONAL STANDARD BOOK NUMBER | |
| International Standard Book Number | 0521664357 |
| 020 ## - INTERNATIONAL STANDARD BOOK NUMBER | |
| International Standard Book Number | 9780521664356 |
| 040 ## - CATALOGING SOURCE | |
| Original cataloging agency | EG-ScBUE |
| Language of cataloging | eng |
| Description conventions | rda |
| Transcribing agency | EG-ScBUE |
| Modifying agency | EG-ScBUE |
| 082 04 - DEWEY DECIMAL CLASSIFICATION NUMBER | |
| Classification number | 428.24 |
| Item number | MCC |
| Edition number | 22 |
| 100 1# - MAIN ENTRY--PERSONAL NAME | |
| Personal name | McCarthy, Michael, |
| Dates associated with a name | 1947- |
| Relator term | author. |
| 9 (RLIN) | 7762 |
| 245 10 - TITLE STATEMENT | |
| Title | English vocabulary in use, |
| Name of part/section of a work | Upper-intermediate / |
| Statement of responsibility, etc | Michael McCarthy, Felicity O'Dell. |
| 246 34 - VARYING FORM OF TITLE | |
| Title proper/short title | English vocabulary in use : |
| Remainder of title | 100 units of vocabulary reference and practice : self-study and classroom use |
| 246 30 - VARYING FORM OF TITLE | |
| Title proper/short title | Upper-intermediate |
| 250 ## - EDITION STATEMENT | |
| Edition statement | Second edition, |
| Remainder of edition statement | Eighth printing. |
| 264 #1 - PUBLICATION, DISTRIBUTION, ETC. (IMPRINT) | |
| Place of publication, distribution, etc | Cambridge : |
| Name of publisher, distributor, etc | Cambridge University Press, |
| Date of publication, distribution, etc | 2005. |
| 300 ## - PHYSICAL DESCRIPTION | |
| Extent | 309 pages : |
| Other physical details | color illustrations ; |
| Dimensions | 25 cm |
| 336 ## - CONTENT TYPE | |
| Source | rdacontent |
| Content type term | text |
| Content type code | txt |
| 337 ## - MEDIA TYPE | |
| Source | rdamedia |
| Media type term | unmediated |
| Media type code | n |
| 338 ## - CARRIER TYPE | |
| Source | rdacarrier |
| Carrier type term | volume |
| Carrier type code | nc |
| 500 ## - GENERAL NOTE | |
| General note | 100 units of vocabulary reference and practice- self study classroom use - - on cover |
| 500 ## - GENERAL NOTE | |
| General note | Includes index.<br/> |
| 590 ## - LOCAL NOTE (RLIN) | |
| Local note | Mohamed Hussein<br/>reviewed by: wessam |
| 650 #7 - SUBJECT ADDED ENTRY--TOPICAL TERM | |
| Topical term or geographic name as entry element | Vocabulary |
| Form subdivision | Problems, exercises, etc. |
| Source of heading or term | BUEsh |
| 650 #7 - SUBJECT ADDED ENTRY--TOPICAL TERM | |
| Topical term or geographic name as entry element | English language. |
| Form subdivision | Textbooks for foreign speakers. |
| Source of heading or term | BUEsh |
| 651 ## - SUBJECT ADDED ENTRY--GEOGRAPHIC NAME | |
| Source of heading or term | BUEsh |
| 653 ## - INDEX TERM--UNCONTROLLED | |
| Resource For college | Humanities: English |
| Arrived date list | November2018 |
| -- | January2019 |
| 655 ## - INDEX TERM--GENRE/FORM | |
| Form subdivision | Reading book |
| 9 (RLIN) | 34232 |
| 700 1# - ADDED ENTRY--PERSONAL NAME | |
| Personal name | O'Dell, Felicity, |
| Dates associated with a name | 1947- |
| Relator term | author. |
| 9 (RLIN) | 5456 |
| 942 ## - ADDED ENTRY ELEMENTS (KOHA) | |
| Source of classification or shelving scheme | Dewey Decimal Classification |
| Koha item type | Book - Borrowing |
| Withdrawn status | Lost status | Source of classification or shelving scheme | Damaged status | Not for loan | Home library | Current library | Shelving location | Date acquired | Source of acquisition | Cost, normal purchase price | Total Checkouts | Full call number | Barcode | Date last seen | Date checked out | Cost, replacement price | Koha item type | Collection code | Total Renewals | Serial Enumeration / chronology |
|---|---|---|---|---|---|---|---|---|---|---|---|---|---|---|---|---|---|---|---|---|
| Dewey Decimal Classification | Central Library | Central Library | Second Floor | 25/03/2008 | Purchase | 91.00 | 2 | 428.24 MCC | 000004841 | 15/07/2025 | 15/04/2013 | 45.00 | NB - Book (Non borrowing) | |||||||
| Dewey Decimal Classification | Central Library | Central Library | Second Floor | 16/09/2015 | Purchase | 91.00 | 3 | 428.24 MCC | 000004848 | 15/07/2025 | 11/10/2018 | 45.00 | Book - Borrowing | 12 | ||||||
| Dewey Decimal Classification | Central Library | Central Library | Second Floor | 16/09/2015 | Purchase | 91.00 | 3 | 428.24 MCC | 000004847 | 15/07/2025 | 12/12/2012 | 45.00 | Book - Borrowing | 33 | ||||||
| Dewey Decimal Classification | Central Library | Central Library | Second Floor | 16/09/2015 | Purchase | 91.00 | 8 | 428.24 MCC | 000004846 | 15/07/2025 | 27/06/2012 | 45.00 | Book - Borrowing | 45 | ||||||
| Dewey Decimal Classification | Central Library | Central Library | Second Floor | 16/09/2015 | Purchase | 91.00 | 4 | 428.24 MCC | 000004844 | 15/07/2025 | 19/08/2019 | 45.00 | Book - Borrowing | 2 | ||||||
| Dewey Decimal Classification | Central Library | Central Library | Second Floor | 25/03/2008 | 91.00 | 1 | 428.24 MCC | 000004842 | 15/07/2025 | 07/06/2010 | 45.00 | Book - Borrowing | 2 | |||||||
| Dewey Decimal Classification | Central Library | Central Library | Second Floor | 25/03/2008 | Purchase | 91.00 | 11 | 428.24 MCC | 000004843 | 07/04/2026 | 03/09/2024 | 45.00 | Book - Borrowing | 6 | ||||||
| Dewey Decimal Classification | Central Library | Central Library | Second Floor | 16/09/2015 | Purchase | 91.00 | 1 | 428.24 MCC | 000004845 | 15/07/2025 | 17/03/2009 | 45.00 | Book - Borrowing | 1 | ||||||
| Dewey Decimal Classification | Central Library | Central Library | Second Floor | 16/09/2015 | Purchase | 91.00 | 2 | 428.24 MCC | 000004849 | 15/07/2025 | 02/11/2021 | 45.00 | Book - Borrowing | 22 | ||||||
| Dewey Decimal Classification | Central Library | Central Library | Second Floor | 16/09/2015 | Purchase | 91.00 | 6 | 428.24 MCC | 000002302 | 15/07/2025 | 23/10/2012 | 45.00 | Book - Borrowing | 1 | ||||||
| Dewey Decimal Classification | Central Library | Central Library | Second Floor | 16/09/2015 | Purchase | 91.00 | 4 | 428.24 MCC | 000030079 | 15/07/2025 | 08/07/2019 | 45.00 | Book - Borrowing | 40 | ||||||
| Dewey Decimal Classification | Central Library | Central Library | Second Floor | 16/09/2015 | Purchase | 91.00 | 6 | 428.24 MCC | 000015690 | 15/07/2025 | 20/06/2017 | 45.00 | Book - Borrowing | ILB | 17 | 43868 |